Science Quiz

Random Science or Math Quiz

Scientific Unit Match-Up Quiz Stats

 Plays Quiz Updated Jul 30, 2017

Support Sporcle.
Go Orange.
Score 0/32 Timer 03:00
1 Play Today
% Correct
Time
86.5%
Area
82.9%
Time
82.7%
Other
82.2%
Mass
81.5%
Volume
81.3%
Area
79.6%
Volume
78.7%
Mass
78.1%
Time
75%
Mass
74.3%
Area
73.6%
Mass
72.6%
Distance
69.8%
Volume
65.2%
Distance
64.9%
% Correct
Time
63.1%
Volume
62.8%
Other
56.6%
Other
49.1%
Mass
48.8%
Distance
47%
Area
45.9%
Other
40.6%
Mass
32.3%
Distance
31%
Volume
24.4%
Distance
15.6%
Area
12.6%
Time
10.1%
Area
9.2%
Volume
7.6%

You're not logged in!

Compare scores with friends on all Sporcle quizzes.
OR
Log In
Forgot?

From the Vault

MLB Stolen Base in 4 Decades

by chief7575

Some people are never too old to be a good thief.
Remove Ads.
Support Sporcle.
Get the best of Sporcle when you Go Orange. This ad-free experience offers more features, more stats, and more fun while also helping to support Sporcle. Thank you for becoming a member.

Show Comments

Extras

Top Quizzes Today


Score Distribution

Your Account Isn't Verified!

In order to create a playlist on Sporcle, you need to verify the email address you used during registration. Go to your Sporcle Settings to finish the process.

Report this User

Report this user for behavior that violates our Community Guidelines.

Details: